Countries that hosted the Olympic games - Statistics

General Stats
  • This quiz has been taken 65 times
  • The average score is 53 of 57
Answer Stats
Hint Answer % Correct
1908 United Kingdom
100%
1948 United Kingdom
100%
2012 United Kingdom
100%
1904 United States
100%
1932 United States
100%
1932 United States
100%
1960 United States
100%
1980 United States
100%
1984 United States
100%
1996 United States
100%
2002 United States
100%
2028 United States
100%
1900 France
98%
1924 France
98%
1924 France
98%
1968 France
98%
1992 France
98%
2024 France
98%
1896 Greece
98%
2004 Greece
98%
1964 Japan
98%
1972 Japan
98%
1998 Japan
98%
2020 Japan
98%
1956 Australia*
96%
2000 Australia
96%
2014 Russia
96%
2016 Brazil
95%
1976 Canada
95%
1988 Canada
95%
2010 Canada
95%
2008 China
95%
2022 China
95%
1936 Germany
93%
1936 Germany
93%
1968 Mexico
93%
1928 Netherlands
93%
1912 Sweden
93%
1956 Sweden*
93%
1920 Belgium
91%
1956 Italy
91%
1960 Italy
91%
2006 Italy
91%
2026 Italy
91%
1992 Spain
91%
1928 Switzerland
88%
1948 Switzerland
88%
1964 Austria
86%
1976 Austria
86%
1952 Finland
86%
1952 Norway
86%
1994 Norway
86%
1988 South Korea
84%
2018 South Korea
84%
1980 Soviet Union
74%
1984 Yugoslavia
65%
1972 West Germany
49%
No matching quizzes found
Score Distribution
Percent of People with Each Score
Percentile by Number Answered
Your Score History
You have not taken this quiz